Les surnoms de coureurs cyclistes - Statistiques

Statistiques générales
  • Ce quiz a été pris 382 fois
    235 depuis la dernière actualisation
  • Le résultat moyen est 10 sur 23
Statistiques - réponses
Surnom Cycliste % Correct
Le Requin de Messine Vincenzo Nibali
88%
El Pistolero Alberto Contador
81%
Le Kenyan Blanc Christopher Froome
80%
Nairoman Nairo Quintana
77%
Loulou Julian Alaphilippe
66%
Le TGV de Clermont-Ferrand Remy Cavagna
66%
Jasper Disaster Jasper Philipsen
62%
Le Gorille de Rostock André Greipel
59%
Purito Joaquim Rodriguez
57%
Spartacus Fabian Cancellara
49%
Le petit prince de Bretagne David Gaudu
44%
Tornado Tom Tom Boonen
44%
Le papillon de Maastricht Tom Dumoulin
43%
Superman Miguel Angel Lopez
36%
L'Aigle de Zipaquirá Egan Bernal
30%
Le Tracteur / El Tractor Tim Declercq
30%
El Bala Alejandro Valverde
28%
Le Taureau de Lescheret Arnaud De Lie
27%
Bling Michael Matthews
23%
The Pocket Rocket Caleb Ewan
19%
Pikachu Alexis Vuillermoz
15%
La Locomotive de Carchi Richard Carapaz
15%
The Flying Mullet Shane Archbold
3%
Aucun quiz correspondant
Distribution des résultats
% des personnes avec chaque résultat
Percentile par nombre de réponses
Votre historique - résultats
Vous n’avez pas pris ce quiz depuis la dernière actualisation